000 01760nam a2200325 i 4500
001 000045239
003 DO-SdBNP
005 20260211065046.0
007 ta
008 150212s2006 dr ac r 001 0 spa d
020 _a994540637X
040 _aDO-SdBNP
_bspa
_cBNPHU
_erda
041 _aspa
082 4 _a347.077
_bC352r
_222
100 _aCastillo Rodríguez, Marino Vinicio,
_cVincho,
_d1931-
_970945
245 1 3 _aEl remolino del juicio :
_bQuirino como trasfondo /
_cMarino Vinicio Castillo Rodríguez.
264 1 _aSanto Domingo :
_bAlfa y Omega,
_c2006.
300 _a263 páginas :
_bilustraciones, retratos ;
_c22 cm.
336 _atexto
_btxt
_2rdacontent
337 _asin mediación
_bn
_2rdamedia
338 _avolumen
_bnc
_2rdacarrier
505 0 _aDe las advertencias --
_tUn alto --
_tEl papel del acaso --
_tLa desavenencia puesta en escena --
_tLa iniciativa de acusar --
_tContextos tergiversados --
_tAproximación del juicio por dentro --
_tEl ambiente social y político --
_tDos derechos individuales y otro social --
_tEl juicio menor se fue complicando --
_tNormas de cultura y delito --
_tLos precedentes indeseables --
_tLos protagonistas --
_tEl juicio menor en sí --
_tCorte Interamericana de Derechos Humanos --
_tAntes de terminar --
_tGalería del respeto --
_tEpílogo --
_tAnexos.
590 _aInventariado, 2018/BT
600 1 4 _a Paulino Castillo, Quirino Ernesto
_xProcesos, litigios, etc.
_973262
650 4 _aViolencia y narcotráfico
_zRepública Dominicana
_973263
650 4 _aControl de drogas y narcóticos
_xAspectos políticos
_zRepública Dominicana
_973264
650 0 _aAdministración de justicia
_xAspectos políticos
_zRepública Dominicana
_910083
910 _aValidado. Control de calidad. MFF
942 _2ddc
_cLBS1
999 _c44728
_d44728